Beyond the Chinese face : insights from psychology /

Bibliographic Details
Main Author: Bond, Michael Harris, 1944-
Format: Book
Language:English
Published: Hong Kong ; New York : Oxford University Press, 1991.
Subjects:

MARC

Tag First Indicator Second Indicator Subfields
LEADER 00000cam a2200000 a 4500
001 in00001079110
005 20150929162010.0
008 910621s1991 hk a b 001 0 eng
010 |a  91025802  
020 |a 0195851161 (pbk.) :  |c $12.30 (est.) 
035 |a (OCoLC)24064886 
035 |9 AFQ9319AM 
040 |a DLC  |c DLC  |d TXA  |d UtOrBLW 
043 |a a-cc--- 
049 |a TXAM 
050 0 0 |a DS721  |b .B617 1991 
082 0 0 |a 951  |2 20 
100 1 |a Bond, Michael Harris,  |d 1944- 
245 1 0 |a Beyond the Chinese face :  |b insights from psychology /  |c Michael Harris Bond. 
264 1 |a Hong Kong ;  |a New York :  |b Oxford University Press,  |c 1991. 
300 |a vii, 125 pages :  |b illustrations ;  |c 22 cm. 
336 |a text  |b txt  |2 rdacontent 
337 |a unmediated  |b n  |2 rdamedia 
338 |a volume  |b nc  |2 rdacarrier 
504 |a Includes bibliographical references (pages [121]-123) and index. 
650 0 |a National characteristics, Chinese. 
999 |a MARS 
999 f f |s 6fe0f5f6-e4c9-3dec-8467-49537327ab71  |i 679ae842-631a-367b-9ed9-e4092ae34d16  |t 0 
952 f f |p ric  |a Texas A&M University  |b Rellis Campus  |c Joint Library Facility  |d Remote Storage  |t 0  |e DS721 .B617 1991  |h Library of Congress classification  |i unmediated -- volume  |m A14819778285 
952 f f |a Texas A&M University  |b College Station  |c Sterling C. Evans Library  |d Evans: Library Stacks  |t 0  |e DS721 .B617 1991  |h Library of Congress classification 
998 f f |a DS721 .B617 1991  |t 0  |l Evans: Library Stacks 
998 f f |a DS721 .B617 1991  |t 0  |l Remote Storage